[Event "Toronto op U1600"]
[Site "Toronto"]
[Date "2014.04.20"]
[Round "5"]
[White "Pamwar, Manish"]
[Black "Dhaliwal, Jatinder"]
[Result "1-0"]
[WhiteElo "1075"]
[BlackElo "1412"]
[PlyCount "31"]
[EventDate "2014.04.18"]
[EventType "swiss"]
[EventRounds "6"]
[EventCountry "CAN"]
[SourceTitle "EXT 2022"]
[Source "ChessBase"]
[SourceDate "2021.10.06"]
[SourceVersion "1"]
[SourceVersionDate "2021.10.06"]
[SourceQuality "1"]

1. e4 e5 2. Nf3 d6 3. Bc4 Bg4 4. h3 Bh5 5. Nc3 Nc6 6. g4 Bg6 7. h4 h6 8. d3 Nf6 9. h5 Bh7 10. g5 Nd7 11. Bxf7+ Kxf7 12. g6+ Bxg6 13. hxg6+ Kxg6 14. Ng5 Be7 15. Qh5+ Kf6 16. Nd5# 1-0